| 000 | 00391nam a22001577a 4500 | ||
|---|---|---|---|
| 020 | _a9780201311327 | ||
| 040 | _cNust | ||
| 082 |
_a530 _bYOU'U |
||
| 100 |
_aYoung _9126963 |
||
| 110 |
_aFreedman _9126964 |
||
| 245 | _aUniversity physics | ||
| 250 | _a9th edition | ||
| 260 |
_aNew York: _bAddison Wesley publishers, _c1996. |
||
| 650 |
_aUniversity physics _964550 |
||
| 942 |
_2ddc _cBK |
||
| 999 |
_c612326 _d612326 |
||